| 000 | 01236cam a22003254a 4500 | ||
|---|---|---|---|
| 999 |
_c28544 _d28544 |
||
| 001 | 12010225 | ||
| 003 | BDDh-ASL | ||
| 005 | 20231015030935.0 | ||
| 008 | 000516r20001946nyu b 001 0 eng | ||
| 010 | _a 00041709 | ||
| 020 | _a080213744X (pbk.) | ||
| 040 |
_aDLC _cDLC _dDLC _dBDDh-ASL |
||
| 042 | _apcc | ||
| 043 |
_ae-au--- _ae-fr--- _ae------ |
||
| 050 | 0 | 0 |
_aDC249 _b.N5 2000 |
| 082 | 0 | 0 |
_a940.27 _221 _bNIC |
| 100 | 1 |
_aNicolson, Harold, _d1886-1968. |
|
| 245 | 1 | 4 |
_aThe Congress of Vienna : _ba study in allied unity, 1812-1822 / _cby Harold Nicolson. |
| 250 | _a1st Grove Press ed. | ||
| 260 |
_aNew York : _bGrove Press, _c[2000]. |
||
| 300 |
_a312 p. ; _c21 cm. |
||
| 500 | _aOriginally published: New York : Harcourt Brace Jovanovich, 1946. | ||
| 504 | _aIncludes bibliographical references (p. 297-299) and index. | ||
| 611 | 2 | 0 |
_aCongress of Vienna _d(1814-1815) |
| 650 | 0 |
_aNapoleonic Wars, 1800-1815 _vTreaties. |
|
| 651 | 0 |
_aEurope _xPolitics and government _y1789-1815. |
|
| 906 |
_a7 _bcbc _corignew _d1 _eocip _f20 _gy-gencatlg |
||
| 942 |
_2ddc _cBK |
||